01338 a2200193 45000010006000000050017000060080041000230030015000640400040000790800024001192450112001432640033002553000019002885050684003070410008009911000018009997000029010178560098010464557520260407155728.0260407a1965 arg spa dAR-UNSa-BCEJYS aAR-UNSa-BCEJYSbspacAR-UNSa-BCEJYS a338.3xProducción10aProducción de mercancías por medio de mercancíasppreludio a una crítica de la Teoría Económica 1aBarcelona :bOikos-tauc1965 a137 p.c21 cm. aParte I : INDUSTRIAS DE PRODUCTOS SIMPLES Y CAPITAL CIRCULANTE : 1. Producción de subsistencia – 2. Producción con un excédete – 3. Producciones entre el trabajo y los medios de producción – 4. La mercancía patrón – 5. Carácter único del sistema patrón – 6. Reducción a cantidades de trabajo fechadas - - Parte II : INDUSTRIAS DE PRODUCTOS MÚLTIPLES Y CAPITAL FIJO : 7. Producción conjunta – 8. El sistema patrón con productos conjuntos – 9. Otros efectos de la producción conjunta – 10. Capital fijo – 11. Tierra - - Parte III : DESPLAZAMIENTO EN LOS MÉTODOS DE PRODUCCIÓN : 12. Desplazamiento en los métodos de producción.  aspa1 aSraffa, Piero1 aRojo Duque, Luis Ángel41uhttps://www.biblioeco.unsa.edu.ar/pmb/images/libros/L26737.jpgyImagen de portadaqimage/jpeg